00257nam a2200109Ia 4500100002500000650001200025654001200037245002900049260004100078082001600119546001200135 aBuzan Tony/ Keene R  aGeneral aGeneral aBuzans Book of Genious bStanely Paul & Co LtdaLondonc1994 a153.93bPAN aENGLISH